000 01048cam a2200301 a 4500
999 _c470
_d470
001 597571
003 GZU
005 20200901102030.0
008 910506s1991 nyu b 000 0 eng
010 _a 91016678
020 _a0883447681 :
_c$16.95
040 _aDLC
_cDLC
_dDLC
043 _afb-----
050 0 0 _aBT198
_b SCH 1991
082 0 0 _a232/.096/0904
_220
245 0 0 _aFaces of Jesus in Africa /
_cedited by Robert J. Schreiter.
260 _aMaryknoll, N.Y. :
_bOrbis Books,
_cc1991.
300 _axiii, 181 p. ;
_c24 cm.
440 0 _aFaith and cultures series
504 _aIncludes bibliographical references.
600 0 0 _aJesus Christ
_xHistory of doctrines
_y20th century.
600 0 0 _aJesus Christ
_xPerson and offices.
651 0 _aAfrica, Sub-Saharan
_xReligious life and customs.
700 1 _aSchreiter, Robert J.
906 _a7
_bcbc
_corignew
_d1
_eocip
_f19
_gy-gencatlg
942 _2lcc
_cBK
_h198
_i SCH
_kBT